| 000 | 00811nam a22002417a 4500 | ||
|---|---|---|---|
| 005 | 20171011020002.0 | ||
| 008 | 170926s2006 ck ||||| |||| 00| 0 spa d | ||
| 020 | _a9588294010 | ||
| 040 |
_aCO-BoIAVH _cCO-BoIAVH |
||
| 041 | _aspa | ||
| 044 | _ack | ||
| 090 |
_aI-EB _b01 |
||
| 100 | _aRodríguez, Lucho | ||
| 245 | 1 | 0 |
_aAnimales en extinción Colombia: _bPacífico |
| 260 |
_aBogotá: _bEdiciones B, _c2006. |
||
| 300 |
_a28 páginas _bilustraciones _c23 x 19cm |
||
| 650 | 1 | 4 |
_aEcosistemas vulnerables _zPacífico (región Colombia) |
| 650 | 1 | 4 | _aLiteratura infantil |
| 650 | 1 | 4 |
_aEspecies amenazadas _zPacífico (región Colombia) |
| 650 | 1 | 4 |
_aVida silvestre _vConservación _zPacífico (región Colombia) |
| 700 | _aBaena, Valeria | ||
| 942 |
_2z _cLIBRO _01 |
||
| 999 |
_c19890 _d19890 |
||